[Event "Subasic Memorial 3rd"]
[Site "Zenica"]
[Date "2004.12.10"]
[Round "8"]
[White "Saric, Ibro"]
[Black "Atalik, Suat"]
[Result "0-1"]
[WhiteElo "2441"]
[BlackElo "2541"]
[Annotator "Atalik,S"]
[PlyCount "158"]
[EventDate "2004.12.05"]
[EventType "tourn"]
[EventRounds "9"]
[EventCountry "BIH"]
[EventCategory "7"]
[SourceTitle "CBM 104"]
[Source "ChessBase"]
[SourceDate "2005.01.27"]
[SourceVersion "1"]
[SourceVersionDate "2005.01.27"]
[SourceQuality "1"]

1. d4 d5 2. c4 c6 3. Nf3 Nf6 4. e3 {The modern variation in Slav Defence. More
and more people are getting seduced by this line.} Bf5 5. Nc3 e6 {More or less
the first time I do this.} 6. Nh4 Bg6 (6... Be4 7. f3 Bg6 $13 {is another way
to handle this position with black. However I do not understand the need for
black to make white to expand kingside.}) 7. Nxg6 $5 {He aims to fianchetto
his light square bishop.} (7. Qb3 Qc7 $13) (7. Be2 Nbd7 8. Bd2 Bd6 9. Nxg6 hxg6
10. Qb3 Qc7 (10... Qb6 11. Qc2 {is the idea.})) 7... hxg6 8. g3 Be7 9. Bg2 dxc4
10. Qe2 Nbd7 11. Qxc4 $5 {I was anticipating short castle for him in this
moment of the game.} (11. O-O Qa5 $6 {is a risky idea of Misha Gurevich.})
11... e5 12. O-O Nb6 13. Qb3 (13. Qe2 Qc7 14. Rd1 Rd8 $132) 13... exd4 14. Rd1
d3 {Winning this little pawn back will make him to lose precious time.} 15. Ne4
(15. Ne2 $4 dxe2 $19) (15. a4 Qc7 16. Rxd3 (16. a5 $6 Nbd7) 16... Nbd7 $132)
15... Nxe4 16. Bxe4 Qd7 17. Bg2 Rd8 (17... O-O-O $6 18. Qxf7 Qg4 $1 (18... Bf6
$2 19. Qxg6 Nc4 20. Qe4 Nxb2 21. Bxb2 Bxb2 22. Rab1 Bf6 23. Qa4 $18) 19. f3 (
19. Qb3 Nd7 $13) 19... Qg5 20. Qe6+ Kb8 $13) 18. Bf1 Rh5 $1 {It is clear that
the ending will pose problems for white since he will experience difficulties
to put his queenside in the game.} (18... Qg4 $6 19. Rxd3 Rxd3 20. Qxd3 Nd7 21.
h3 Ne5 22. hxg4 Nf3+ 23. Kg2 Ne1+ $11) (18... Qf5 $6 19. Rxd3 Rxd3 20. Qxd3 $11
) 19. Rxd3 {White accepts a temporarily passive position. However having no
weakness he can effort such passivity.} ({While he was thinking over his move
I was trying to figure out what to do after} 19. e4 Rb5 20. Qc3 Qd4 $1 (20...
Bf6 $5 {The queen sac brings only some equality.} 21. Qe1 Bxb2 22. Rxd3 Qxd3
23. Bxd3 Rxd3 24. Bxb2 Rxb2 25. Qa5 Rdd2 26. Qxa7 Nd7 (26... Rxf2 $2 27. Qb8+
Ke7 28. Qe5+ Kf8 29. Qc5+ Ke8 30. Qxf2 $18) 27. Rf1 c5 28. a4 b6 $11) 21. Qxd4
(21. Rxd3 $6 Qxc3 22. Rxd8+ Bxd8 23. bxc3 Rc5 24. Bd2 Bf6 25. Rc1 Nc4 $17)
21... Rxd4 22. Be3 Rd8 23. b3 Bf6 24. Rab1 Ra5 25. a4 Bd4 $36) 19... Rd5 20.
Rxd5 Qxd5 21. Qxd5 $1 {White can not effort weaknesses since he is lagging in
development.} (21. Be2 $6 Qxb3 22. axb3 a6 23. e4 Bf6 $17) 21... Rxd5 (21...
Nxd5 22. Bd2 Bf6 23. Rb1 Nf4 24. Be1 Nd3 25. Bxd3 Rxd3 26. Kf1 $11) 22. Be2 Na4
(22... Bf6 $6 23. Rb1 (23. e4 Rd4 24. f3 Rb4 25. Rb1 Na4 26. a3 Rb6 27. b4 Nc3
28. Rb2 Nxe2+ 29. Rxe2 Rb5 $11 30. Bd2 Bd4+ 31. Kg2 (31. Be3 $2 Bxe3+ 32. Rxe3
a5 33. bxa5 Rxa5 34. Rc3 Rb5 $17) 31... a5 32. Be1 (32. a4 $2 Rxb4 33. Bxb4
axb4 $19) 32... axb4 33. axb4 b6 34. Rc2 c5 35. Rc4 Bf6 $11 {is more or less
equal.}) 23... Na4 24. Kf1 Nc5 25. f3 $14 {and when the worst is over for
white he will slowly put his queenside into the game.}) 23. Rb1 Bb4 $1 (23...
Nc5 24. Kf1) 24. Kf1 Nc5 $5 {I have become over ambitious.} (24... Bd2 25. Bd1
$1 Bxc1 26. Bxa4 $11) 25. a3 $1 {The simplest.} (25. Bf3 Rd8 26. a3 Bd2 27. Ke2
Nb3 28. Bxd2 Rxd2+ 29. Ke1 Rd8 $11) (25. f3 Bd2) 25... Bd2 26. Bc4 (26. Bxd2
Rxd2 27. Ke1 Rd8 28. Rd1 a5 $13) 26... Rd8 27. Ke2 Ne4 28. f3 $5 {He also
tries to keep the game alive.} (28. Bd3 Bxc1 (28... Nxf2 $4 29. Kxf2 Bxc1 (
29... Rxd3 30. Ke2 $18) 30. Ke2 $18) 29. Bxe4 Bd2 30. Bd3 Ba5 $11) 28... Bxc1
29. Rxc1 $8 (29. fxe4 $2 {would be an unforced error.} Rd2+ 30. Ke1 Rc2 31. Bd3
Rc5 32. Ke2 Ke7 $17) 29... Nd6 30. Bd3 (30. h4 $5 Nf5 31. Rg1 Ke7 $11) 30... g5
31. f4 (31. e4 Ke7 32. e5 Nc8 $132) 31... gxf4 32. exf4 Ke7 33. Rc5 Rh8 34. h4
g6 35. Kf3 f5 36. Ra5 a6 37. Re5+ Kf6 38. a4 $6 {An unnecessarily weakening
move.} (38. b4 Rd8 39. Re3 $11) 38... Rd8 39. Ke2 (39. a5 $2 Nf7 40. Re3 Rd4
41. b3 Nd6 $36) 39... Nf7 40. Re3 Rd4 41. b3 b5 $6 {I rushed the things in the
wrong time. I had to show some patience.} ({I have to admit that} 41... Nd6
$142 {was better.} 42. Re5 $5 (42. Bc2 $6 a5 43. Rc3 Rd5 $15) 42... Rb4 (42...
Rd5 43. Rxd5 cxd5 44. b4 $8 (44. Ke3 $2 Ne4) 44... Ke6 (44... Ne4 $5 {is
extremely dangerous mainly because of the weak b7.} 45. Kf3 Nc3 46. a5 Na2 47.
b5 Nb4 (47... axb5 $2 48. Bxb5 Nb4 49. Bd7 d4 50. Bc8 Nc6 51. Bxb7 Nxa5 52. Bd5
$18) 48. Bf1 Ke6 49. g4 fxg4+ 50. Kxg4 Kf6 (50... axb5 $2 51. Kg5 Kf7 52. Bxb5
d4 53. f5 gxf5 54. Kxf5 d3 55. Ke4 d2 56. Be2 Nc6 $11) 51. b6 Nc6 52. Bg2 Ne7
53. Bf1 Nc6 $11) 45. a5 Ne4 46. Kf3 $11) 43. Bc2 Ne4 44. Bxe4 (44. g4 $2 Nc3+
45. Kd2 Rxf4 46. Re8 Nd5 $19) 44... fxe4 45. a5 Rxb3 46. g4 Ra3 47. h5 gxh5 48.
Rxh5 $44) 42. axb5 axb5 43. Re8 Rb4 {I have understood that with a couple of
more pawns exchanged we will have an immediate draw. But what to do?} (43...
Nd6 44. Re5 Rb4 45. Bc2 Ne4 46. Bxe4 fxe4 47. Rc5 Rxb3 48. Rxc6+ Kf7 49. g4 Rf3
50. h5 gxh5 51. gxh5 Rxf4 52. Rb6 $11) 44. Rc8 $138 Rxb3 45. Rxc6+ Kg7 46. Rb6
(46. g4 Rb2+ 47. Ke3 Nh6 48. gxf5 Nxf5+ 49. Bxf5 gxf5 $11) (46. h5 gxh5 47.
Bxf5 Rxg3 48. Rb6 $11) 46... Rb2+ 47. Ke3 (47. Kf3 Nh6 48. Rxb5 Rh2 49. Rb7+
Kf8 50. Bf1 Rc2 $11) 47... Nh6 $5 {Seemingly the last tricky move.} 48. Rxb5
Ng4+ 49. Kd4 Rh2 (49... Rg2 50. h5 $11) 50. Rb7+ {This moment on the game went
over the boundaries of reality.} ({He could have settled for an immediate draw
with} 50. Bxf5 gxf5 51. Rxf5 Nh6 52. Rg5+ Kf6 53. h5 Nf5+ 54. Kd5 Nxg3 $11)
50... Kh6 51. Bc4 $6 {Most likely he thought he was better so for another time
he bypasses an immediate drawing possibility.} (51. Rb6 Kh5 52. Rb8 Kh6 $11)
51... Rd2+ 52. Bd3 $1 (52. Kc3 $6 Rg2) (52. Kc5 $6 Nf6 53. Rb3 Ne4+ 54. Kc6 Rg2
55. Kd5 Kh5 $17 {contains dangers for white.}) 52... Rd1 {I have understood
that Rg2 will only lead to trouble for me.} (52... Rg2 53. h5 Kxh5 $6 54. Rh7+
Nh6 55. Ke5 $1 Rh2 56. Kf6 Kg4 57. Kxg6 Kxg3 58. Kg5 Ng4 (58... Rh4 59. Be2
Rxf4 60. Rxh6 $16 {He may try to torture me in R+Bvs R ending after this.}) 59.
Rxh2 Kxh2 60. Kxf5 Kg3 61. Kg5 Nf2 62. Bf1 Ne4+ 63. Kf5 Nd6+ 64. Ke5 Nf7+ $11)
53. Rb1 $1 {Oops I have missed that.} Rd2 (53... Rxb1 54. Bxb1 Nf6 55. Ke3 $11)
54. Rb3 (54. Rb6 Kh5 55. Rc6 $11) 54... Kh5 55. Kc5 $4 {This allows my king in.
In time trouble he errs.} (55. Rb7 Nf2 56. Ke3 Rxd3+ 57. Kxf2 Kg4 58. Rg7 Rf3+
59. Ke2 Kxg3 60. h5 Kxf4 61. hxg6 Rg3 $11) 55... Nf2 56. Bf1 (56. Bb1 Nh1 $17)
56... Ne4+ 57. Kc6 (57. Kc4 $2 Rf2 $19) 57... Kg4 $19 {Of course the panaroma
changes when the king gets in.} 58. Rb8 Nxg3 59. Bc4 (59. Ba6 Nh5 $19) 59...
Rc2 $4 {An unexplainable mistake by my part. I believe the sources for that
lie behind the sudden change in the game.} (59... Nh5 60. Bf7 Nxf4 61. Rg8 Kxh4
62. Bxg6 Nxg6 63. Rxg6 f4 $19) 60. Kd5 $4 {He lost his last chance.} (60. Rb4
$1 Ne4 (60... Nh5 61. Kd6 Kg3 (61... Nxf4 62. Ke5 Kg3 63. Kf6 Kxh4 64. Bd3 Rf2
65. Rxf4+ Rxf4 66. Kxg6 Kg4 67. Be2+ Kg3 68. Bd3 $11) 62. Bf7 Rd2+ 63. Ke7 Re2+
64. Kf8 Nxf4 65. Kg7 Re4 66. Rb1 Kxh4 67. Bxg6 Nxg6 68. Kxg6 f4 69. Kf5 Ra4 70.
Rb3 $11) (60... Kxf4 61. Kb7 $1 Ne4 62. Bf7 Rg2 63. Rb6 $11) 61. Kd7 Kxf4 62.
Bf7 Rg2 63. Rb6 $11) 60... Nh5 $19 {Black is once again on the drivers seat.}
61. Kd4 Nxf4 62. Rh8 Ng2 $6 {This leads to a separation of my pawns but black
is still in full command.} ({The natural} 62... Rh2 63. Ke5 g5 $1 (63... Ng2 $2
64. Be2+ Kg3 65. h5) 64. Rf8 Ng6+ $19) 63. h5 gxh5 (63... Rxc4+ $4 64. Kxc4
gxh5 65. Kd4 h4 66. Ke5 f4 67. Ke4 $11) 64. Bd3 Rd2 $1 {The winning move. One
small mistake might have led to a drawish rook endgame in this phase of the
game.} (64... Rf2 $4 65. Rg8+ Kh4 (65... Kh3 66. Rg5) 66. Bxf5 Rxf5 67. Rxg2
Kh3 68. Rg8 $11) 65. Kc3 Rf2 {Now white's king is far away.} 66. Rg8+ Kh4 $1 (
66... Kh3 $2 67. Rg5 Nf4 68. Rxf5 $11 (68. Bxf5+ $2 Kh4 $19)) 67. Bxf5 $2 {
This is equal to resignation since the resulting R+hP vs R ending is lost for
white.} (67. Rh8 Ne3 68. Kd4 Ng4 69. Rf8 Kg5 70. Rg8+ Kf4 71. Rf8 Ne3 72. Re8
Ra2 73. Rh8 Rh2 74. Re8 Rh3 $19 {black consolidates and the win is only a
matter of time.}) 67... Rxf5 68. Rxg2 Rd5 $19 {With whites king cut off from
the file for 5 files we ran into a book endgame.} (68... Kh3 {is also winning.}
69. Rg1 Rd5 70. Kc4 Rd8 (70... Kh2 71. Rg8) 71. Rh1+ Kg4 72. Rg1+ Kf3 73. Rh1
Rh8 $19) 69. Kc2 Kh3 70. Rg8 h4 71. Rg7 Kh2 72. Rg8 h3 73. Rg7 Kh1 74. Rg8 (74.
Rg6 h2 75. Rg8 Ra5 76. Kd2 Ra1 77. Ke3 Rg1 78. Rh8 Kg2 79. Rg8+ Kf1 80. Rf8+
Ke1 81. Rb8 (81. Ra8 Rg3+ 82. Kf4 Rf3+ $1 83. Kg4 Rf1 84. Ra1+ Kf2 85. Ra2+ Kg1
$19) 81... Kd1 $5 $19 {is an interesting difference when he puts his rook on
the b line.} ({after the regular} 81... Rg3+ 82. Kf4 Rf3+ 83. Kxf3 h1=Q+ 84.
Kg3 Qg1+ 85. Kf3 Qf2+ 86. Ke4 Qg2+ 87. Kd4 Qg7+ 88. Kd5 Qd7+ 89. Ke4 Qe6+ 90.
Kf3 Qf5+ 91. Ke3 Qe5+ $19 {black collectes the rook.})) 74... h2 75. Rg7 Ra5
76. Kd2 Ra1 77. Ke2 $2 {Ibro showed that he is a natural talent and he has
never studied even the basics of the game by this move.} ({Since we are kids
we know that} 77. Ke3 $142 {is the only move since it cuts black king's
journey out at least temporarily.} Rg1 78. Rh7 Kg2 79. Rg7+ Kf1 80. Rf7+ Ke1
81. Ra7 Rg3+ 82. Kf4 Rf3+ 83. Kg4 (83. Ke4 Rh3 84. Ra1+ Kf2 $19) (83. Kxf3
h1=Q+ 84. Kf4 Qf1+ 85. Ke5 Qb5+ 86. Ke4 Qc4+ $19) 83... Rf1 84. Ra1+ Kf2 85.
Ra2+ Kg1 $19) 77... Rg1 78. Rh7 Kg2 79. Rg7+ Kh3 (79... Kh3 80. Rh7+ Kg3 81.
Rg7+ Kf4 $19 {and the King gets out effortlessly.}) 0-1

[Event "Paracin GM"]
[Site "Paracin"]
[Date "2018.07.14"]
[Round "1"]
[White "Djordjevic, Vuk D"]
[Black "Atalik, Suat"]
[Result "0-1"]
[WhiteElo "2403"]
[BlackElo "2509"]
[Annotator "Atalik,S"]
[PlyCount "82"]
[EventDate "2018.07.14"]
[EventType "tourn"]
[EventRounds "9"]
[EventCountry "SRB"]
[EventCategory "8"]
[SourceTitle "CBM 186"]
[Source "ChessBase"]
[SourceDate "2018.09.14"]
[SourceVersion "1"]
[SourceVersionDate "2018.09.14"]
[SourceQuality "1"]

1. d4 d5 2. Nf3 Bf5 $5 3. c4 e6 4. Nc3 Nf6 5. e3 c6 {Transposing the game into
a Slav.} (5... a6 $5 {is more coherent with the opening.}) 6. Bd3 (6. Nh4 Be4
7. f3 Bg6 8. Qb3 Qc7 9. Bd2 Be7 10. Nxg6 hxg6 11. g3 a6 12. Rc1 dxc4 13. Bxc4
Nbd7 {I wanted to play something like this.}) 6... Bxd3 7. Qxd3 Nbd7 8. O-O Bb4
9. Bd2 (9. a3 Bxc3 (9... Ba5 $5 10. b4 Bc7 11. e4) 10. Qxc3 (10. bxc3 Qa5)
10... O-O) 9... a5 10. a3 Be7 11. c5 $5 {After long thought 'Wolfgang' charges.
} (11. e4 $6 Nc5 $1 12. dxc5 dxe4 13. Qxd8+ Rxd8 14. Nxe4 Nxe4 15. Bxa5 Ra8 16.
Bb4 Bxc5 $11) 11... e5 $2 (11... O-O 12. b4 b6 {shows patience.}) 12. Nxe5 Nxe5
13. dxe5 Nd7 (13... Ne4 $2 14. Nxe4 dxe4 15. Qd4) 14. e4 Nxc5 (14... d4 15. Na4
) (14... Nxe5 $2 15. Qg3 Ng6 16. exd5 cxd5 17. Rad1 $18) 15. Qg3 O-O 16. exd5
$6 {The tension in the centre should have been kept.} (16. Bh6 Ne6 17. Rad1 d4
18. Ne2 Bc5 (18... c5 19. Nf4) 19. Nf4 Qc7 20. Nh5 f5) 16... cxd5 17. Bh6 Ne6
18. Rfd1 d4 $17 19. Ne2 $2 (19. Qg4 f5 20. exf6 Rxf6) 19... Bh4 $19 20. Qg4 f5
21. Qf3 $5 (21. exf6 Qxf6 (21... Bxf2+ $2 22. Kxf2 Qxf6+ 23. Kg1 Qxh6 24. Nxd4)
22. g3 Qxh6 23. Qxh4 Qg6 24. Nxd4 $140 Rf4 $19) 21... gxh6 22. Qb3 Ra6 23. Rxd4
a4 24. Qa2 Qe7 25. Nf4 (25. g3 Bg5 26. h4 Qf7 $19) 25... Bg5 26. Nxe6 Qxe6 27.
Qxe6+ Rxe6 28. f4 Bd8 29. Rxa4 Bb6+ (29... Rb6 30. b4 Rc6) 30. Kh1 (30. Kf1 Rd8
) 30... Rd8 $19 {Tactics did not work for White.} 31. Rc4 h5 32. g3 h4 33. g4 (
33. gxh4 Rh6) 33... fxg4 34. Re1 (34. f5 Rxe5 35. Rxg4+ Kh8 36. Rb4 Rd6 $19)
34... h5 35. h3 g3 (35... Rd2 36. hxg4 hxg4) 36. Rc2 Rc6 37. Rxc6 (37. Rce2 Bf2
38. Rf1 Kf7 39. Kg2 Ke6 40. Kf3 Kf5) 37... bxc6 38. Re2 Rd1+ 39. Kg2 Rg1+ 40.
Kf3 Rf1+ 41. Kg2 (41. Ke4 Rf2 42. Re1 g2) 41... Rxf4 0-1

[Event "ROM-chT"]
[Site "Sovata"]
[Date "2000.04.13"]
[Round "1"]
[White "Atalik, Suat"]
[Black "Rogozenco, Dorian"]
[Result "1-0"]
[WhiteElo "2575"]
[BlackElo "2562"]
[Annotator "Atalik,S"]
[PlyCount "137"]
[EventDate "2000.04.13"]
[EventType "team"]
[EventRounds "5"]
[EventCountry "ROU"]
[SourceTitle "EXT 2003"]
[Source "ChessBase"]
[SourceDate "2002.11.25"]
[SourceVersion "1"]
[SourceVersionDate "2002.11.25"]
[SourceQuality "1"]

1. d4 d5 2. c4 c6 3. Nf3 Nf6 4. e3 $5 Bf5 5. Nc3 e6 6. Nh4 Bg4 7. Qb3 b6 $6 (
7... Qb6 8. h3 Bh5 9. g4 Bg6 10. Nxg6 hxg6 11. Bg2 $14) 8. h3 Bh5 9. g4 Ne4 $5
$146 10. Nxe4 Qxh4 11. Nc3 $2 (11. Ng3 Bg6 12. cxd5 exd5 13. Bd2 Bd6 14. Rg1
$16) 11... Bxg4 (11... Bg6 12. cxd5 exd5 13. Bg2 Nd7 14. Qa4 $16) 12. Bg2 Bh5
13. cxd5 exd5 14. Bxd5 Bd6 15. Bg2 O-O 16. Ne4 Bc7 17. O-O Nd7 $2 {Draw offer.}
(17... Bg4 $1 18. Ng5 Bc8 19. e4 h6 20. Nf3 Qxe4 21. Re1 $17) 18. f4 Rac8 19.
Bd2 h6 20. Be1 Qe7 21. Ng3 Bg6 22. e4 Kh8 23. e5 $1 f5 24. Rd1 $6 (24. Bc3 Qh4
25. Kh2 $16) 24... c5 25. d5 Nxe5 $1 26. fxe5 Qxe5 27. Bf2 $2 (27. Qc3 $2 Qd6
28. Bf3 (28. Qf3 Rce8 $17) 28... Rce8 29. Bf2 f4 30. Ne2 Re3 $19) (27. Qc2 $1
Qd6 28. Bf3 Rce8 29. Qg2 Rxe1 30. Rfxe1 Qxg3 31. d6 Qxg2+ 32. Bxg2 Bd8 33. d7
$16) 27... f4 28. d6 (28. Nh1 Bh5 29. Rde1 Be2 30. Rxe2 Qxe2 31. Re1 Qh5 32.
Qf3 Qg6 $17) (28. Rde1 fxg3 29. Rxe5 gxf2+ 30. Rxf2 Bxe5 31. Rxf8+ Rxf8 $44)
28... Bxd6 29. Nh1 Bb8 $2 (29... f3 30. Bg3 c4 $3 31. Bxe5 Bc5+ 32. Kh2 cxb3
33. Bxf3 bxa2 $17) (29... Bh5 30. Rd5 {is the idea behind 28.d6 but} Bf7 $1 31.
Rxe5 Bxb3 32. Rh5 Bf7 33. Rf5 g6 34. Rf6 Be5 35. Rc6 Rxc6 36. Bxc6 Bxb2 37. Re1
Bf6 $17) 30. Rfe1 Qg5 31. h4 Qf6 32. Qe6 $1 Qxe6 33. Rxe6 Bf7 34. Re7 Bxa2 35.
Rdd7 Rg8 36. Be1 Rce8 37. Bc3 Rxe7 38. Rxe7 b5 $1 {the move I have missed.} 39.
Nf2 b4 40. Be1 Rc8 41. Nd3 Kg8 $2 {Completely wrong idea.} (41... a5 $1 42. Bf2
Rd8 43. Nxc5 Rd1+ 44. Bf1 Bc4 45. Re8+ Kh7 $132) 42. Bf2 Bf7 43. Rd7 $1 Be6 44.
Bd5 Bxd5 45. Rxd5 c4 46. Nxb4 Kf7 47. Bd4 $16 Ke6 48. Ra5 Rd8 49. Nc6 Rd6 50.
Re5+ Kf7 51. Re7+ Kg6 52. Rxg7+ Kh5 53. Rb7 Rxc6 54. Rxb8 Kxh4 55. Kf2 $18 Rd6
56. Be5 Re6 57. Bxf4 h5 58. Kf3 $2 (58. Rc8 Rb6 59. Be5 $18) 58... Rb6 $1 59.
Rxb6 axb6 60. Be3 $4 (60. Bc7 $1 b5 61. Bd8+ Kh3 62. Be7 Kh2 (62... h4 63. Bd6
$18) 63. Ke4 Kg3 64. Kd5 Kf4 65. Kc5 Ke4 66. Kxb5 Kd3 67. Bf6 $18) 60... b5 61.
Bd2 Kh3 62. Bc3 Kh4 (62... Kh2 $5 63. Kf2 (63. Bb4 Kg1 64. Kg3 Kf1 65. Kh4 Ke2
$11) 63... Kh1 64. Bb4 h4 65. Bd6 h3 66. Bb4 Kh2 67. Ba3 Kh1 68. Bd6 b4 69.
Bxb4 c3 70. b3 c2 $11) 63. Ke4 Kg3 $4 (63... Kg4 $1 64. Be1 (64. Kd5 h4 65. Kc5
Kf5 66. Be1 h3 67. Bg3 Ke4 68. Kxb5 Kd3 69. Kb4 Kc2 $11) 64... Kg5 65. Kd5 Kf4
66. Kc5 Ke4 67. Kxb5 Kd3 68. Kb4 Kc2 69. Ka3 Kd3 70. Bh4 c3 $11) 64. Kd5 Kf4
65. Bf6 $1 Kf5 66. Bd8 $18 Kf4 67. Kc5 Ke4 68. Kxb5 Kd3 69. Bf6 1-0

[Event "FIDE World Cup"]
[Site "Khanty-Mansiysk"]
[Date "2005.11.27"]
[Round "1.1"]
[White "Adianto, Utut"]
[Black "Vescovi, Giovanni P"]
[Result "0-1"]
[WhiteElo "2584"]
[BlackElo "2646"]
[Annotator "Atlas,V"]
[PlyCount "108"]
[EventDate "2005.11.27"]
[EventType "k.o."]
[EventRounds "7"]
[EventCountry "RUS"]
[SourceTitle "CBM 111"]
[Source "ChessBase"]
[SourceDate "2006.04.04"]
[SourceVersion "1"]
[SourceVersionDate "2006.04.04"]
[SourceQuality "1"]

1. d4 d5 2. c4 c6 3. e3 Nf6 4. Nf3 Bf5 5. Qb3 Qb6 6. Bd2 e6 7. c5 Qc7 8. Nc3
Nbd7 9. Be2 Be7 10. O-O O-O 11. Rfc1 Ne4 12. Be1 Rfe8 13. Qd1 Bf6 14. Nxe4 dxe4
15. Nd2 e5 16. Nc4 exd4 17. exd4 Bg6 18. Ne3 $6 (18. Nd6 {was a better choice
here. After the text move Black gets better chances.}) 18... Rad8 19. Qa4 Qb8
20. Rd1 Nf8 21. Bg4 (21. Ng4 {deserved attention here.}) 21... Ne6 22. Bxe6
Rxe6 23. Bc3 Bh5 24. Rd2 Bg5 25. d5 Bxe3 26. fxe3 cxd5 27. Rf1 f6 28. Rf5 Bf7
29. Qd4 Rc6 {White has no sufficient compensation for the pawn.} 30. Rf4 b6 31.
Qa4 Rxc5 32. h4 Qc7 33. Qd1 Rxc3 $5 {The most energetic continuation} 34. bxc3
Qxc3 35. Rxe4 Rc8 36. Re7 Qc5 37. Rxa7 Qxe3+ 38. Kh2 Re8 39. Rc2 d4 40. Rd7 Bg6
41. Rb2 d3 42. Qb3+ Kh8 43. Qxb6 Qf4+ 44. g3 Qc1 45. Rf2 $2 ({Much more
tenacious was} 45. Rd8 {, and Black would still have to overcome some
technical problems.}) 45... Be4 46. g4 Qh1+ 47. Kg3 Qg1+ 48. Kf4 Qc1+ 49. Kg3
Qg1+ 50. Kf4 h6 51. h5 Bc6 52. Rd8 {[%tqu "En","White is an exchange up, but
his king is exposed and his pieces are poorly coordinated. How should Black
continue?","Go after the enemy king!","Exploit the power of your passed pawn!",
"d3d2","This energetic move crowns Black's attack.",5]} d2 $1 {[%csl Rf2,Rf4]
After this move White's position is defenseless.} 53. Rxe8+ (53. Rdxd2 {
fails to} Re4+ 54. Kf5 Qxg4#) (53. Rfxd2 Qxb6) 53... Bxe8 54. Qe3 Qxf2+ ({
Of course, not} 54... d1=Q $2 55. Qxe8+ Kh7 56. Qg6+ Kg8 57. Qe8+ {, with draw
by perpetual.}) (54... Qxf2+ {, and White resigned, as after} 55. Qxf2 d1=Q {
his position is absolutely hopeless.}) 0-1